|
|
|
|
| LEADER |
00000nam0a2200000 4500 |
| 001 |
115543 |
| 005 |
20231031122646.0 |
| 020 |
|
|
|a RU
|b 85-23449
|
| 035 |
|
|
|a (RuTPU)RU\TPU\book\124962
|
| 090 |
|
|
|a 115543
|
| 100 |
|
|
|a 20070510d1985 km a0rusy5003 ca
|
| 101 |
0 |
|
|a rus
|
| 102 |
|
|
|a RU
|
| 105 |
|
|
|a a z 001zy
|
| 200 |
1 |
|
|a Теплофизика разлагающихся материалов
|f О. Ф. Шленский, А. Г. Шашков, Л. Н. Аксенов
|
| 210 |
|
|
|a Москва
|c Энергоатомиздат
|d 1985
|
| 215 |
|
|
|a 145 с.
|c ил.
|d 20 см
|
| 225 |
1 |
|
|a Библиотека теплотехника
|
| 610 |
1 |
|
|a твердые вещества
|
| 610 |
1 |
|
|a конструкционные материалы
|
| 610 |
1 |
|
|a термическое разложение
|
| 610 |
1 |
|
|a исследование
|
| 610 |
1 |
|
|a теплофизические свойства
|
| 675 |
|
|
|a 539.2:536
|z rus
|
| 700 |
|
1 |
|a Шленский
|b О. Ф.
|g Орест Федорович
|4 070
|
| 701 |
|
1 |
|a Шашков
|b А. Г.
|g Анатолий Герасимович
|
| 701 |
|
1 |
|a Аксенов
|b Л. Н.
|g Лев Николаевич
|
| 801 |
|
0 |
|a RU
|b RuMRKP
|c 19950704
|g psbo
|
| 801 |
|
1 |
|a RU
|b 63413507
|c 20070510
|g PSBO
|
| 801 |
|
2 |
|a RU
|b 63413507
|c 20080919
|g PSBO
|
| 942 |
|
|
|c BK
|